定期便就航空港(日本) - Statistics

General Stats
  • This quiz has been taken 75 times
  • The average score is 66 of 87
Answer Stats
Answer % Correct
東京国際
97%
大阪国際
97%
成田国際
95%
関西国際
95%
福岡
95%
仙台
95%
長崎
95%
静岡
93%
宮崎
93%
新千歳
92%
函館
92%
名古屋
92%
中部国際
92%
岡山
92%
広島
92%
熊本
92%
那覇
92%
青森
92%
鳥取
92%
佐賀
92%
松本
90%
大分
90%
新潟
89%
富山
89%
小松
89%
高松
89%
鹿児島
89%
新石垣
89%
秋田
89%
山形
89%
松山
89%
高知
89%
福島
87%
稚内
87%
旭川
87%
釧路
85%
徳島
85%
北九州
85%
札幌
84%
宮古
84%
花巻
84%
百里
84%
神戸
82%
出雲
82%
帯広
82%
美保
82%
奄美
80%
庄内
79%
三沢
77%
山口宇部
77%
種子島
77%
大館能代
75%
対馬
75%
与那国
75%
南紀白浜
74%
壱岐
74%
八丈島
72%
女満別
72%
屋久島
72%
利尻
72%
天草
70%
中標津
70%
岩国
70%
石見
69%
但馬
69%
南大東
67%
北大東
67%
大島
66%
隠岐
66%
調布
62%
能登
62%
三宅島
61%
与論
59%
紋別
56%
徳之島
52%
奥尻
51%
久米島
49%
福江
49%
沖永良部
48%
下地島
46%
喜界
46%
神津島
41%
新島
39%
青ヶ島
38%
多良間
33%
御蔵島
31%
利島
26%
No matching quizzes found
Score Distribution
Percent of People with Each Score
Percentile by Number Answered
Your Score History
You have not taken this quiz